| 000 | 00633nam a22002057a 4500 | ||
|---|---|---|---|
| 999 |
_c15368 _d15368 |
||
| 003 | AR-CdUCM | ||
| 008 | 190425b ||||| |||| 00| 0 spa d | ||
| 020 | _a978-84-9825-761-8 | ||
| 040 |
_aMUNICIPALIDAD PROVINCIAL DEL CUSCO _cBIBLIOTECA MUNICIPAL DEL CUSCO |
||
| 082 |
_aPI / 376.1 / _bR34 |
||
| 100 |
_aRedford, Ruth _933899 |
||
| 245 |
_aToca, toca : _b¡A dormir! / |
||
| 260 |
_aChina : _bCombel, _c2012. |
||
| 300 |
_bIlustraciones _c26 cm. |
||
| 500 | _aTitulo original : Ladybird toddler touch | ||
| 650 |
_aCuentos infantiles _93927 |
||
| 650 |
_aNiños (as) _933869 |
||
| 942 |
_2ddc _cLIBROS |
||
| 945 |
_arum _d2019-04-26 |
||